Loktantra (Record no. 1398473)

MARC details
000 -LEADER
fixed length control field 00510nam a2200193Ia 4500
005 - DATE AND TIME OF LATEST TRANSACTION
control field 20250508165955.0
008 - FIXED-LENGTH DATA ELEMENTS--GENERAL INFORMATION
fixed length control field 008 250505s9999 xx 000 0 hin d
037 ## - SOURCE OF ACQUISITION
Stock number Textual
040 ## - CATALOGING SOURCE
Original cataloging agency FEDL
Language of cataloging eng
Transcribing agency FEDL
041 ## - LANGUAGE CODE
Language code of text/sound track or separate title hin
Source of code eng
084 ## - COLON CLASSIFICATION NUMBER
Classification number 891.433, AWA
Assigning agency FEDL
100 ## - MAIN ENTRY--PERSONAL NAME
Personal name Awasthi Braham Dutt
9 (RLIN) 782568
245 #0 - TITLE STATEMENT
Title Loktantra
260 ## - PUBLICATION, DISTRIBUTION, ETC.
Place of publication, distribution, etc. New Delhi, India
Name of publisher, distributor, etc. Vidya Vihar
Date of publication, distribution, etc. 2012
300 ## - PHYSICAL DESCRIPTION
Extent 136p.
365 ## - TRADE PRICE
Price type code INR
Price amount 175
942 ## - ADDED ENTRY ELEMENTS (KOHA)
Koha item type Textual
Classification part 891.433, AWA
Holdings
Withdrawn status Lost status Damaged status Not for loan Home library Current library Date acquired Cost, normal purchase price Total Checkouts Full call number Barcode Date last seen Price effective from Koha item type
        Department of Education Library Department of Education Library 2025-05-08 175.00   891.433, AWA EL0092134 2025-05-08 2025-05-08 Textual
Copyright @ Delhi University Library System